<?xml version="1.0" encoding="UTF-8"?>
<record
    xmlns:xsi="http://www.w3.org/2001/XMLSchema-instance"
    xsi:schemaLocation="http://www.loc.gov/MARC21/slim http://www.loc.gov/standards/marcxml/schema/MARC21slim.xsd"
    xmlns="http://www.loc.gov/MARC21/slim">

  <leader>00699nam a22002057i 4500</leader>
  <controlfield tag="001">IT\ICCU\UBO\3478714</controlfield>
  <controlfield tag="003">ItRI</controlfield>
  <controlfield tag="005">20260304233516.0</controlfield>
  <controlfield tag="008">080902s2008    it ||||||    ||||| |||||c</controlfield>
  <datafield tag="040" ind1=" " ind2=" ">
    <subfield code="b">ita</subfield>
    <subfield code="c">CDM</subfield>
  </datafield>
  <datafield tag="041" ind1=" " ind2="7">
    <subfield code="a">ita</subfield>
    <subfield code="2">ISO-639-2</subfield>
  </datafield>
  <datafield tag="110" ind1=" " ind2=" ">
    <subfield code="a">Arcigay</subfield>
  </datafield>
  <datafield tag="245" ind1="0" ind2="0">
    <subfield code="a">Schoolmates, bullismo nelle scuole :</subfield>
    <subfield code="b">manuale operatori /</subfield>
    <subfield code="c">Emanuele Pullega ... [et. al.].</subfield>
  </datafield>
  <datafield tag="260" ind1=" " ind2=" ">
    <subfield code="a">[s.l.] :</subfield>
    <subfield code="b">Schoolmates project,</subfield>
    <subfield code="c">2008</subfield>
  </datafield>
  <datafield tag="300" ind1=" " ind2=" ">
    <subfield code="a">55 p. :</subfield>
    <subfield code="b">ill. ;</subfield>
    <subfield code="c">21 x 21 cm</subfield>
  </datafield>
  <datafield tag="500" ind1=" " ind2=" ">
    <subfield code="a">Tit. della cop</subfield>
  </datafield>
  <datafield tag="500" ind1=" " ind2=" ">
    <subfield code="a">Sul front.: Progetto realizzato con il supporto della Comunit&#xE0; europea nel quadro del programma Daphne.</subfield>
  </datafield>
  <datafield tag="700" ind1="1" ind2=" ">
    <subfield code="a">Pullega, Emanuele</subfield>
    <subfield code="0">IT\ICCU\UBOV\506608</subfield>
  </datafield>
  <datafield tag="942" ind1=" " ind2=" ">
    <subfield code="2">ddc</subfield>
    <subfield code="c">BK</subfield>
  </datafield>
  <datafield tag="999" ind1=" " ind2=" ">
    <subfield code="c">1630</subfield>
    <subfield code="d">1630</subfield>
  </datafield>
  <datafield tag="952" ind1=" " ind2=" ">
    <subfield code="0">0</subfield>
    <subfield code="1">0</subfield>
    <subfield code="2">ddc</subfield>
    <subfield code="4">0</subfield>
    <subfield code="7">1</subfield>
    <subfield code="a">RA</subfield>
    <subfield code="b">RA</subfield>
    <subfield code="d">2024-08-17</subfield>
    <subfield code="l">0</subfield>
    <subfield code="o">371.58 PUL SCH</subfield>
    <subfield code="p">9418</subfield>
    <subfield code="r">2024-08-17 13:58:02</subfield>
    <subfield code="w">2024-08-17</subfield>
    <subfield code="y">BK</subfield>
  </datafield>
  <datafield tag="952" ind1=" " ind2=" ">
    <subfield code="0">0</subfield>
    <subfield code="1">0</subfield>
    <subfield code="2">ddc</subfield>
    <subfield code="4">0</subfield>
    <subfield code="7">1</subfield>
    <subfield code="a">RA</subfield>
    <subfield code="b">RA</subfield>
    <subfield code="d">2024-08-17</subfield>
    <subfield code="l">0</subfield>
    <subfield code="o">371.58 PUL SCH</subfield>
    <subfield code="p">9419</subfield>
    <subfield code="r">2024-08-17 14:00:21</subfield>
    <subfield code="w">2024-08-17</subfield>
    <subfield code="y">BK</subfield>
  </datafield>
  <datafield tag="952" ind1=" " ind2=" ">
    <subfield code="0">0</subfield>
    <subfield code="1">0</subfield>
    <subfield code="4">0</subfield>
    <subfield code="7">0</subfield>
    <subfield code="a">BO</subfield>
    <subfield code="b">BO</subfield>
    <subfield code="d">2026-01-15</subfield>
    <subfield code="i">12060</subfield>
    <subfield code="l">0</subfield>
    <subfield code="o">DOC 371.58 PUL</subfield>
    <subfield code="p">BO12060</subfield>
    <subfield code="r">2026-01-15 23:22:46</subfield>
    <subfield code="w">2026-01-15</subfield>
    <subfield code="y">BK</subfield>
    <subfield code="z">1 v. (2. copia)</subfield>
  </datafield>
  <datafield tag="952" ind1=" " ind2=" ">
    <subfield code="0">0</subfield>
    <subfield code="1">0</subfield>
    <subfield code="4">0</subfield>
    <subfield code="7">0</subfield>
    <subfield code="a">BO</subfield>
    <subfield code="b">BO</subfield>
    <subfield code="d">2026-01-15</subfield>
    <subfield code="i">12061</subfield>
    <subfield code="l">0</subfield>
    <subfield code="o">DOC 371.58 PUL</subfield>
    <subfield code="p">BO12061</subfield>
    <subfield code="r">2026-01-15 23:22:46</subfield>
    <subfield code="w">2026-01-15</subfield>
    <subfield code="y">BK</subfield>
    <subfield code="z">1 v.</subfield>
  </datafield>
</record>
